Countries with Alcohol Prohibition - Statistics

General Stats
  • This quiz has been taken 109 times
  • The average score is 11 of 17
Answer Stats
Country % Correct
Iran
91%
Saudi Arabia
90%
Iraq
88%
Yemen
83%
United Arab Emirates
81%
Pakistan
80%
Afghanistan
78%
Kuwait
73%
Somalia
64%
Sudan
62%
Libya
61%
Indonesia
55%
Bangladesh
49%
India
46%
Mauritania
44%
Brunei
43%
Maldives
38%
No matching quizzes found
Score Distribution
Percent of People with Each Score
Percentile by Number Answered
Your Score History
You have not taken this quiz